| 000 | 01202 a2200193 4500 | ||
|---|---|---|---|
| 001 | 59424 | ||
| 005 | 20260407155848.0 | ||
| 008 | 260407a1967 arg spa d | ||
| 003 | AR-UNSa-BCEJYS | ||
| 040 |
_aAR-UNSa-BCEJYS _bspa _cAR-UNSa-BCEJYS |
||
| 080 |
_a330.34(7/8) _xDesarrollo Económico de América Latina |
||
| 245 | 1 | 0 | _aLa brecha comercial y la integracíón latinoamericana |
| 264 | 1 |
_aMéxico : _bSiglo XXI Editores _c1967 |
|
| 300 |
_a287 p. _c24 cm. |
||
| 505 | _a1. Finalidad del estudio y resumen de sus conclusiones principales – 2. Exportaciones – 3. Importaciones – 4. La brecha comercial – 5. Implicaciones financieras de la brecha comercial – 6. Objetivos y contenido de una política regional de desarrollo – 7. Efectos de un programa regional de sustitución de importaciones sobre la brecha del sector externo de América Latina – 8. Otras consideraciones acerca de una política de aceleración del desarrollo – 9. Consecuencias de un más intenso ritmo de crecimiento en el producto interno bruto | ||
| 942 | _cBK | ||
| 590 | _aniveau_biblio:m niveau_hierar:0 | ||
| 100 | 1 | _aInstituto Latinoamericano y del Caribe de Planificación Económica y Social (ILPES) | |
| 999 |
_c6679 _d6679 |
||